Loading...
| Fine Arts - Painting and Sculpture | 0 | 2 | 0 | 0 | 20 | 75 | 86.50 | 0 | 1 | 6.28 | 10.00 |
| Fine Arts - Other | 0 | 2 | 1 | 0 | 15 | 17 | 37.50 | 1 | 2 | 14.54 | 17.50 |
| History - World | 0 | 1 | 0 | 0 | 10 | 140 | 140.00 | 0 | 1 | 0.00 | 2.50 |
| Literature - American | 0 | 1 | 0 | 0 | 10 | 81 | 81.00 | 0 | 1 | 4.26 | 5.00 |
| Literature - British | 0 | 1 | 0 | 0 | 10 | 79 | 79.00 | 0 | 1 | 3.68 | 5.00 |
| Literature - European | 0 | 1 | 0 | 0 | 10 | 103 | 103.00 | 0 | 1 | 2.59 | 7.50 |
| Literature - World | 0 | 1 | 0 | 0 | 10 | 109 | 109.00 | 0 | 1 | 2.32 | 5.00 |
| Philosophy | 0 | 1 | 0 | 0 | 10 | 113 | 113.00 | 0 | 1 | 0.96 | 7.50 |
| Popular Culture | 0 | 1 | 0 | 0 | 10 | 36 | 36.00 | 1 | 1 | 18.88 | 25.00 |
| Science - Chemistry | 0 | 1 | 0 | 0 | 10 | 101 | 101.00 | 0 | 1 | 1.44 | 5.00 |
| Science - Biology | 0 | 1 | 0 | 0 | 10 | 89 | 89.00 | 0 | 1 | 1.76 | 5.00 |
| Geography | 0 | 1 | 0 | 0 | 10 | 90 | 90.00 | 1 | 1 | 15.65 | 37.50 |
| Science - Other | 0 | 0 | 1 | 0 | -5 | 0.00 | 0 | 0 | 0.00 | 0.00 | |
| Current Events | 0 | 0 | 1 | 0 | -5 | 0.00 | 0 | 0 | 0.00 | 0.00 |